|
|
|
|
| LEADER |
00000nbm2a2200000 4500 |
| 001 |
146153 |
| 005 |
20231031144515.0 |
| 035 |
|
|
|a (RuTPU)RU\TPU\book\158420
|
| 035 |
|
|
|a RU\TPU\book\158415
|
| 090 |
|
|
|a 146153
|
| 100 |
|
|
|a 20081027d1964 k y0rusy50 ca
|
| 101 |
0 |
|
|a rus
|
| 102 |
|
|
|a RU
|
| 105 |
|
|
|a a m 000zy
|
| 200 |
0 |
|
|a Т. 2. Приложение
|
| 210 |
|
|
|d 1964
|
| 215 |
|
|
|a 139 л.
|c ил.
|
| 320 |
|
|
|a Библиогр.: с. 181-193.
|
| 461 |
|
1 |
|0 (RuTPU)RU\TPU\book\158413
|t Наводнения на реках бассейна Амура
|o Диссертация на соискание ученой степени кандидата географических наук
|f К. Г. Бойкова
|g Дальневосточный Промстройниипроект ; науч. рук. А. В. Стоценко
|v Т. 2. Приложение
|d 1964
|
| 610 |
1 |
|
|a диссертации
|
| 610 |
1 |
|
|a реки
|
| 610 |
1 |
|
|a Амур
|
| 610 |
1 |
|
|a природные условия
|
| 610 |
1 |
|
|a гидрография
|
| 610 |
1 |
|
|a классификация наводнений
|
| 610 |
1 |
|
|a формирование
|
| 610 |
1 |
|
|a приложения
|
| 675 |
|
|
|a 551.311(04)
|v 3
|
| 801 |
|
1 |
|a RU
|b 63413507
|c 20081027
|g PSBO
|
| 801 |
|
2 |
|a RU
|b 63413507
|c 20081027
|g PSBO
|
| 942 |
|
|
|c BK
|